All Lifesteal Members (S5) - Statistics

General Stats
  • This quiz has been taken 339 times
    330 since last reset
  • The average score is 16 of 32
Answer Stats
Team Answer % Correct
Private Murder Company ClownPierce
83%
La La Legion SpokeIsHere
74%
Gucci Gang ParrotX2
72%
Pirate Empire PrinceZam
71%
Private Murder Company MinuteTech
70%
Kids In The Corner BranzyCraft
69%
Gucci Gang Mapicc
68%
La La Legion ashswagg
67%
Private Murder Company Leow0ok
66%
La La Legion PlanetLord
62%
Camelot JumperWho
61%
Kids In The Corner 4CVIT
59%
Camelot Reddoons
55%
La La Legion TheRealSquiddo
55%
Pirate Empire Pangi
47%
Unaligned/Neutral rekrap2
47%
Gucci Gang baconnwaffles0
45%
Camelot ItzSubz_
43%
Unaligned/Neutral wemmbu
43%
Kids In The Corner Yeah_Jaron
43%
Kids In The Corner MrCube6
42%
La La Legion roshambogames
39%
Camelot Vitalasy
39%
Kids In The Corner Midmysticx
32%
Gucci Gang Peentar
32%
Camelot Woogiex
32%
Unaligned/Neutral McClutchYT
31%
La La Legion Spepticle
28%
Unaligned/Neutral Jepexx
24%
Unaligned/Neutral Vort3xDragon
22%
Unaligned/Neutral Poafa
21%
Unaligned/Neutral TheTerrain
14%
No matching quizzes found
Score Distribution
Percent of People with Each Score
Percentile by Number Answered
Your Score History
You have not taken this quiz since the last reset